Tajomný vlak v Sudetoch ukryli nacisti zlato, Jantárovú komnatu alebo zázračnú zbraň do vlaku, ktorý je vraj zasypaný v starom tuneli?

Bibliographic Details
Main Author: Štefániková, Petra (Author)
Format: Article
Language:Slovak
PhysicalDescription:Fotogr.
ISSN:1210-2040
Subjects:
Online Access:http://www.pluska.sk

MARC

LEADER 00000nab a2200000 a 4500
001 vtls010870145
003 SK-MaSNL
005 20260303233315.0
008 150922c2015 xo wrzp 0 0slo
038 |a RVGKPD 
040 |a RVGKPD  |b slo  |c RVGKPD  |e AACR2 
041 0 |a slo 
044 |a xo  |c SK 
080 |a 355.134.4  |x (430)  |2 2008 
080 |a 94  |x (430)  |2 2008 
080 |a 94  |x (438)  |2 2008 
100 1 |a Štefániková, Petra  |4 aut  |9 1033187 
245 1 0 |a Tajomný vlak v Sudetoch  |b ukryli nacisti zlato, Jantárovú komnatu alebo zázračnú zbraň do vlaku, ktorý je vraj zasypaný v starom tuneli?  |c Petra Štefániková 
300 |b Fotogr. 
650 0 7 |a nacisti  |2 rvgkpd  |9 4838 
650 0 7 |a vojnová korisť  |z Nemecko  |2 rvgkpd  |9 1269959 
651 7 |a Poľsko  |2 rvgkpd  |9 16755 
773 0 |t Plus 7 dní  |g Roč. XXV, č. 37 (2015), s. 114-[116]  |x 1210-2040 
852 |a RVGKPD  |b KIS3G 
856 4 1 |u http://www.pluska.sk 
958 |a DE 
958 |a PL 
992 |a RBX 
999 |c 2514515  |d 2516445